Kinder Friedrich Wilhelms I. - Statistiken

Allgemein
  • Dieses Quiz wurde 20 mal gespielt
  • Das Durchschnittsergebnis liegt bei 10 aus 14
Antwortstatistiken
Leben Name Ehefrau/-mann % Korrekt
4 1712-1786 Friedrich Elisabeth Christine von Braunschweig
100%
1 1707-1708 Friedrich Ludwig
100%
3 1710-1711 Friedrich Wilhelm
100%
11 1722-1758 August Wilhelm Luise Amalie von Braunschweig
94%
8 1717-1719 Ludwig Karl Wilhelm
94%
14 1730-1820 August Ferdinand Anna Elisabeth Luise von Brandenburg-Schwedt
63%
6 1714-1784 Friederike Luise Karl von Brandenburg-Ansbach
63%
10 1720-1782 Luise Ulrike Adolf Friedrich von Schweden
63%
12 1723-1787 Anna Amalie Äbtissin von Quedlinburg
56%
9 1719-1765 Sophie Dorothea Marie Friedrich Wilhelm von Brandenburg-Schwedt
56%
5 1713-1714 Charlotte Albertine
44%
7 1716-1801 Philippine Charlotte Karl von Braunschweig
44%
13 1726-1802 Heinrich Wilhelmine von Hessen-Kassel
38%
2 1709-1758 Wilhelmine Friedrich von Brandenburg-Bayreuth
38%
Keine übereinstimmenden Quizze gefunden
Verteilung der Resultate
Anzahl Personen mit jedem Resultat
Perzentil nach korrekt beantworteten Fragen
Ihre Resultats-Entwicklung
Sie haben dieses Quiz noch nicht gespielt